Statistics for Name these sea creatures!#1basics

Click here to take the quiz!

General Stats

  • This quiz has been taken 21 times
  • The average score is 12 of 15

Answer Stats

Answer% Correct
Shark
100%
Crab
94%
Sea Horse
94%
Whale
94%
Clown fish
88%
Octopus
88%
Star fish
88%
Dolphin
82%
Eel
82%
Gold fish
82%
Squid
82%
Walrus
82%
Sea lion
71%
Salmon
65%
Sea otter
35%

Score Distribution

Percentile by Number Answered

Percent of People with Each Score

Your Score History

You have not taken this quiz